00892nam a2200229Ia 450000500170000000800410001702000220005804000080008005000190008810000240010724500920013126000320022330000180025533700100027333800140028350000690029750502030036665000230056965000200059265000200061270000300063220231102151452.0121028t1991 mx ao f 000 0 spa d a978-968-24-4181-3 dRDA aTR822 R53 199110aRICO M., F. Gerardo13aLa fotografía forense en la peritación legalc / F. Gerardo Rico M. ; Diego de Anda aMéxico b: Trillasc,1991 a181 páginas atexto asin medio aEducación mixta Licenciatura en Criminalistíca 14 005554  aPrólogo 1. Antecedentes históricos de la fotografía forense 2. Lugar de los hechos 3. Asfixias 4. Tanatología 5. Robo 6. Identificación 7. Disciplinas auxiliares 8. Delitos sexuales 10aFOTOGRAFÍA LEGAL20aMEDICINA LEGAL.30aPRUEBA PERICIAL10aANDA, Diego de, eprologo